Statistiques concernant Le club des plus belles baies du monde - France

Cliquez ici pour prendre le quiz!

Statistiques générales

  • Ce quiz a été pris 19 fois
  • Le résultat moyen est 2 sur 9

Statistiques - réponses

RégionRéponseRéponse% Correct
BretagneGolfe du...Morbihan
100%
Bretagne
Normandie
Baie du...Mont Saint-Michel
47%
Hauts-de-FranceBaie de...Somme
47%
CorseGolfe de...Porto
16%
Pays de la LoireBaie des...Sables d'Olonne
11%
MartiniqueBaie de...Fort-de-France
0%
Provence-Alpes-Côte d'AzurBaie de...La Ciotat
0%
Pays de la LoireBaie de...Pouliguen
0%
GuadeloupeBaie des...Saintes
0%

Distribution des résultats

Percentile par nombre de réponses

% des personnes avec chaque résultat

Votre développement - résultats

Vous n’avez pas pris ce quiz